Science Quiz

Random Science or Astronomy Quiz

Zodiac Constellation Slideshow Quiz Stats

 Plays Quiz Updated Apr 1, 2016

Also try: Map of the Moon
Challenge
Share
Tweet
Score 0/12 Timer 03:00
5 Plays Today
% Correct
Scorpio
77.2%
Gemini
72.9%
Libra
71.5%
Cancer
69.7%
Leo
66.5%
Taurus
64.2%
Sagittarius
61.5%
Aquarius
57%
Virgo
56.5%
Capricorn
56.1%
Pisces
54.9%
Aries
54.7%

You're not logged in!

Compare scores with friends on all Sporcle quizzes.
Join for Free
OR
Log In

You Might Also Like...

Show Comments

Extras

Top Quizzes Today


Score Distribution

Your Account Isn't Verified!

In order to create a playlist on Sporcle, you need to verify the email address you used during registration. Go to your Sporcle Settings to finish the process.

Report this User

Report this user for behavior that violates our Community Guidelines.

Details: